2026 Boston Red Sox Opening Day Lineup - Statistics

General Stats
  • This quiz has been taken 17 times
  • The average score is 9 of 10
Answer Stats
Position Player % Correct
DH Jarren Duran
100%
LF Roman Anthony
100%
1B Willson Contreras
93%
RF Wilyer Abreu
93%
3B Caleb Durbin
87%
C Carlos Narváez
87%
CF Ceddanne Rafaela
87%
SP Garrett Crochet
87%
SS Trevor Story
87%
2B Isiah Kiner-Falefa
67%
No matching quizzes found
Score Distribution
Percent of People with Each Score
Percentile by Number Answered
Your Score History
You have not taken this quiz